L'alphabet grec - Statistiques

Statistiques générales
  • Ce quiz a été pris 41 fois
  • Le résultat moyen est 22 sur 48
Statistiques - réponses
Group Hint Réponse % Correct
Minuscule Alpha α
80%
Minuscule Bêta β / ϐ
77%
Majuscule Alpha A
74%
Minuscule Delta δ
69%
Majuscule Bêta B
66%
Minuscule Epsilon ε
63%
Majuscule Delta Δ
63%
Minuscule Lambda λ
60%
Minuscule Pi π
60%
Minuscule Kappa κ
57%
Minuscule Mu μ
57%
Minuscule Phi φ
57%
Majuscule Pi Π
57%
Minuscule Sigma σ / ς
54%
Majuscule Omega Ω
54%
Majuscule Epsilon E
54%
Minuscule Thêta θ
51%
Minuscule Omega ω
51%
Minuscule Gamma γ
49%
Majuscule Zêta Z
49%
Minuscule Zêta ζ
43%
Minuscule Psi ψ
43%
Minuscule Rhô ρ
40%
Minuscule Upsilon υ
40%
Majuscule Kappa Κ
40%
Majuscule Lambda Λ
40%
Minuscule Êta η
37%
Minuscule Iota ι
37%
Minuscule Tau τ
37%
Minuscule Chi χ
37%
Majuscule Thêta Θ
37%
Majuscule Sigma Σ
37%
Majuscule Chi Χ
37%
Majuscule Psi Ψ
37%
Majuscule Mu M
37%
Majuscule Nu N
37%
Majuscule Omicron O
37%
Majuscule Gamma Γ
34%
Majuscule Phi Φ
34%
Minuscule Nu ν
31%
Majuscule Tau Τ
31%
Majuscule Rhô P
31%
Minuscule Xi ξ
29%
Minuscule Omicron ο
29%
Majuscule Xi Ξ
23%
Majuscule Iota Ι
20%
Majuscule Êta H
20%
Majuscule Upsilon Υ
17%
Aucun quiz correspondant
Distribution des résultats
% des personnes avec chaque résultat
Percentile par nombre de réponses
Votre historique - résultats
Vous n’avez pas pris ce quiz